| 000 | 00831nam a2200229 a 4500 | ||
|---|---|---|---|
| 001 | 000027297 | ||
| 005 | 20240409122244.0 | ||
| 008 | 110331t1988 dr 001 0 spa d | ||
| 040 |
_aDO-SdBNP _bspa _cBNPHU |
||
| 082 |
_a972.9303 _bD325m |
||
| 100 | 1 |
_aDeive, Carlos Esteban, _d1935-2019 _91916 |
|
| 245 | 1 | 3 |
_aLa mala vida : _bdelincuencia y picaresca en la colonia española de Santo Domingo. / _cCarlos Esteban Deive. |
| 260 |
_aSanto Domingo, : _bFundación Cultural Domicana, _c1988. _fTaller, |
||
| 300 |
_a270 p. ; _c23 cm. |
||
| 504 | _aBibliografía : p. 255-270. | ||
| 590 | _aInventariado, 2020/YL | ||
| 650 | 4 |
_aPícaros _949037 |
|
| 650 | 4 |
_aHechicería _949038 |
|
| 650 | 4 |
_aVicios _949039 |
|
| 651 | 0 |
_aRepública Dominicana -- _xHistoria -- _yColonia, 1503-1844 _911397 |
|
| 910 | _aValidado. Control de calidad EMS. | ||
| 999 |
_c26789 _d26789 |
||